000 01789nam a2200325 a 4500
001
003 DO-SdBNP
005 20211018115344.0
008 100127s2007 dr 001 0 spa d
020 _a9789945406504
040 _aDO-SdBNP
_bspa
_cBPMSU
082 _a336.7293
_bR426r, 2007
_222
110 2 _aRepública Dominicana
_b Secretaría de Estado de Hacienda
245 1 0 _aReforma de la hacienda pública /
_cedición Virgilio Alcántara.
250 _a
260 _aSanto Domingo :
_bSecretaría de Estado de Hacienda,
_c2007.
300 _a287 p. ;
_c23 cm.
505 0 _aPresentación -- Antecedentes de la reforma -- Ley 494-06 de organización de la Secretaría de Estado de Hacienda -- Ley 5-07 que crea el sistema integrado de administración financiera del Estado -- Ley 423-06 orgánica de presupuesto del sector público -- Ley 567-05 de tesorería nacional -- Ley 6-06 de crédito público -- Ley 340-06 de compras y contrataciones de bienes, obras, servicios y concesiones del Estado -- Ley 449-06 que modifica la Ley No. 340-06 sobre contrataciones de bienes, obras, servicios y concesiones -- Ley 126-01 mediante la cual de crea la dirección general de contabilidad gubernamental -- Ley 10-07 de la contraloría general de la República y del control interno.
590 _aInventariado, 2021/VM
650 4 _aHacienda pública
_xLegislación
_zRepública Dominicana
650 4 _aPolítica fiscal
650 4 _aReforma tributaria
_zRepública Dominicana
650 4 _aPresupuesto
_xLegislación
_zRepública Dominicana
650 4 _aDeuda pública
_zRepública Dominicana
650 4 _aAuditoría interna
651 4 _aPolítica De Finanzas Públicas
_zRepública Dominicana
700 1 _aAlcántara, Virgilio,
_eed.
910 _aVMateo V.
942 _2ddc
_cBK
999 _c13796
_d13796